| 000 | 01478nam a22003017a 4500 | ||
|---|---|---|---|
| 003 | OSt | ||
| 005 | 20260417231726.0 | ||
| 008 | 260309b |||||||| |||| 00| 0 eng d | ||
| 040 |
_bEnglish. _cCvSU-CCAT Campus Library. _erda. |
||
| 050 |
_aUM LC 1047.P6 _bB34 2001 |
||
| 100 |
_aBaganes, Joel D., author. _919324 |
||
| 245 |
_aEmployability of the graduates of Bachelor of Science in Industrial Education (B.S.I.E) Major in Girls Trades, S.Y. 1995-1996 to 1997-1998 / _cJoel D. Bagnes, Ma. Cecilia C. Geslani, Norberto D. Arguelles. |
||
| 260 |
_aRosario, Cavite : _bCavite State University-CCAT Campus, _c2001 |
||
| 300 |
_aii, 24 leaves : _billustrations ; _c28 cm |
||
| 500 | _aUndergraduate Thesis (BSIT) -- Cavite State University-CCAT Campus, 2001. | ||
| 504 | _aIncludes bibliographical references and appendices. | ||
| 546 | _aIn English text | ||
| 650 | 0 |
_aWomen in vocational education _919325 _zPhilippines |
|
| 650 | 0 |
_aVocational education for women -- Cavite, Philippines. _919332 |
|
| 650 | 0 |
_aCollege graduates -- Employed -- Cavite, Philippines. _99507 |
|
| 650 | 0 |
_aTechnical education -- Cavite, Philippines. _915752 |
|
| 650 | 0 |
_aEmployability -- Industrial education -- Cavite, Philippines. _99503 |
|
| 700 |
_aGeslani, Ma. Cecilia C., author. _919333 |
||
| 700 |
_aArguelles, Norberto D., author. _919334 |
||
| 700 |
_aNepomuceno, Lucena C., adviser. _913188 |
||
| 942 |
_2lcc _cT/M/D _hLC 1047.P6 B34 2001 _kUM |
||
| 999 |
_c4890 _d4890 |
||